LEADER 00976cam0 22002653 450 001 SON0000896 005 20170314094919.0 100 $a20040211d1985 |||||ita|0103 ba 101 $aita 102 $aIT 200 1 $a<<">>Code magliabechiane"$eun gruppo di manoscritti della Biblioteca Nazionale Centrale di Firenze fuori inventario$fa cura di Maura Scarlino Rolih 210 $aScandicci[Firenze]$cLa Nuova Italia$d1985 215 $aX, 154 p.$d24 cm 225 2 $aLe Biblioteche.Quaderni di lavoro 410 1$1001LAEC00015267$12001 $a*Le Biblioteche.Quaderni di lavoro 702 1$aSCARLINO ROLIH, Maura$3AF00015287$4070 801 0$aIT$bUNISOB$c20170314$gRICA 850 $aUNISOB 852 $aUNISOB$j010$m47903 912 $aSON0000896 940 $aM 102 Monografia moderna SBN 941 $aM 957 $a010$b000019$gSI$d47903$1carrano$2UNISOB$3UNISOB$420110718083048.0$520170314094919.0$6catenacci 996 $aCode magliabechiane"$91731806 997 $aUNISOB